| 000 | 01209cam a2200457 4500 | ||
|---|---|---|---|
| 001 | J62268 | ||
| 008 | 000000n2000 000 0 eng u | ||
| 035 | _a(Sirsi) u108551 | ||
| 041 | _aeng | ||
| 050 | _a332.6324 | ||
| 110 |
_aGVA Grimley _93646 |
||
| 245 | _aEconomic and property market review - UK a quarterly bulletin. - First, second, third & fourth quarter 2000 | ||
| 260 |
_aLondon _bGVA Grimley _c2000 |
||
| 300 | _a4 pts ; 30cm. | ||
| 350 | _a0 | ||
| 650 | _aBUSINESS | ||
| 650 | _aDEVELOPMENT ACTIVITY | ||
| 650 | _aECONOMIC INDICATORS | ||
| 650 | _aECONOMIC OVERVIEW | ||
| 650 | _aFINANCIAL SERVICES | ||
| 650 | _aHOUSING | ||
| 650 | _aHUMBERSIDE | ||
| 650 | _aINDUSTRIAL OUTPUT | ||
| 650 | _aINVESTMENT PROPERTY MARKETS | ||
| 650 | _aLONDON | ||
| 650 | _aMIDLANDS | ||
| 650 | _aNORTHWEST ENGLAND | ||
| 650 | _aNORTH | ||
| 650 | _aOCCUPIER PROPERTY MARKET | ||
| 650 | _aPROPERTY INVESTMENT | ||
| 650 | _aREGIONAL COMMENTARY | ||
| 650 | _aRENTS | ||
| 650 | _aRETAIL SALES | ||
| 650 | _aSCOTLAND | ||
| 650 | _aSOUTH EAST | ||
| 650 | _aSOUTH WEST | ||
| 650 | _aWALES | ||
| 650 | _aYORKSHIRE | ||
| 690 | _aPROPERTY-COMMERCIAL PROPERTY | ||
| 942 | _n0 | ||
| 999 |
_c100815 _d100815 |
||